000 00527nam a22001937a 4500
003 NUST-PNEC
005 20170116180853.0
008 140331b xxu||||| |||| 00| 0 eng d
020 _a812190546x
040 _cLIBRARY
082 _a541.38 BAH
100 _95816
_aBhal, B..S.
245 _aEssentials of Physical Chemsitry
_cBahl B.S, Tuli G.D, Bahl Arun
250 _a8th ed.
260 _bS.Chand & Commpany Ltd
_cc.1999
300 _avii, 866 p. :
_bill.:
_c24 cm.
650 _xME
_95817
_aChemistry
942 _2ddc
_cBK
999 _c64691
_d64691